| 000 | 01468nam a22002897a 4500 | ||
|---|---|---|---|
| 005 | 20101206113148.0 | ||
| 008 | 101206t xxu||||| |||| 00| 0 hin d | ||
| 010 | _aHIN-93295 | ||
| 020 | _c250.00 | ||
| 035 | _aHN-65641 | ||
| 037 | _bDBAD/PUB | ||
| 040 |
_aDPL _bHN |
||
| 082 | _aउ | ||
| 100 |
_924598 _aजीलानी बानो |
||
| 245 |
_aपत्थरों की बारिशः _cजीलानी बानो; सुरजीत द्वारा अनुदित _bबद्रीनाथ-धाम,रामेश्वरम, द्वारकाधीश दर्शन एवं जगन्नाथपुरी यात्रा का रोचक वर्णन / |
||
| 246 |
_apattharon ki barish _bby Jeelani Bano |
||
| 260 |
_aदिल्ली _bग्रंथ सदन _c2010 |
||
| 270 |
_bदिल्ली _a27/109-ए/3, ज्वाला नगर _e110032 |
||
| 300 |
_a152पृ. _c22सेमी (सजिल्द) |
||
| 500 | _aसमान ISBN 8188913251 चारधाम यात्राः | ||
| 650 |
_91169 _aहिन्दी कथा साहित्य |
||
| 650 |
_929580 _aHindi Novel |
||
| 700 |
_924599 _aसुरजीत |
||
| 700 | _924924 | ||
| 942 |
_2ddc _cHN _mजीलानी _hउ |
||
| 999 |
_c54098 _d54098 |
||